Normal view
MARC view
- الفقة الاسلامي - مذاهب - تاريخ
Entry Topical Term
001 - CONTROL NUMBER
- control field: 42218
003 - CONTROL NUMBER IDENTIFIER
- control field: JO-AjAnu
005 - DATE AND TIME OF LATEST TRANSACTION
- control field: 20230606081015.0
008 - FIXED-LENGTH DATA ELEMENTS
- fixed length control field: 230606|| aca||aabn | a|a d
040 ## - CATALOGING SOURCE
- Original cataloging agency: JO-AjAnu
- Transcribing agency: JO-AjAnu
150 ## - HEADING--TOPICAL TERM
- Topical term or geographic name entry element: الفقة الاسلامي - مذاهب - تاريخ
670 ## - SOURCE DATA FOUND
- Source citation: Work cat.: (JO-AjAnu)21628: أبو زهرة، محمد, author 42217, تاريخ المذاهب الإسلامية في السياسه والعقائد وتاريخ المذاهب الفقهية